Boom!: (Record no. 22488)

MARC details
000 -LEADER
fixed length control field 01057cam a22002655a 4500
005 - DATE AND TIME OF LATEST TRANSACTION
control field 20081020032651.0
008 - FIXED-LENGTH DATA ELEMENTS--GENERAL INFORMATION
fixed length control field 081003s2008 ii ab b 001 0 eng
010 ## - LCCN (DPL NO)
LC control number ENG-92632
020 ## - INTERNATIONAL STANDARD BOOK NUMBER
Terms of availability 395.00
International Standard Book Number 9788189975265
035 ## - SYSTEM CONTROL NUMBER
System control number EN-76165
037 ## - SOURCE OF ACQUISITION
Source of stock number/acquisition DBAD / PUB
040 ## - CATALOGING SOURCE
Original cataloging agency dpl
Language of cataloging English
082 ## - DEWEY DECIMAL CLASSIFICATION NUMBER
Classification number 650.1
100 ## - MAIN ENTRY--PERSONAL NAME
Personal name Kevin
245 ## - TITLE STATEMENT
Title Boom!:
Statement of responsibility, etc by Kevin and Jackie Freiberg
Remainder of title 7 choices for blowing the doors off business-as-usual /
260 ## - PUBLICATION, DISTRIBUTION, ETC. (IMPRINT)
Place of publication, distribution, etc New Delhi
Name of publisher, distributor, etc Westland Books
Date of publication, distribution, etc 2008
270 ## - ADDRESS
Address F-5, Okhla Industria Area, Phase - I, Mezzanine Floor
City New Delhi
Postal code 110020
300 ## - PHYSICAL DESCRIPTION
Extent xliii, 286p.:
Dimensions 22cm (pbk)
Other physical details ill.
500 ## - GENERAL NOTE
General note Includes bibliographical references and index
650 ## - SUBJECT ADDED ENTRY--TOPICAL TERM
Topical term or geographic name as entry element Success in business
General subdivision Psychological aspects.
650 ## - SUBJECT ADDED ENTRY--TOPICAL TERM
Topical term or geographic name as entry element Employee motivation.
700 ## - ADDED ENTRY--PERSONAL NAME
Personal name Freiberg, Jackie, 1963-
942 ## - ADDED ENTRY ELEMENTS (KOHA)
Source of classification or shelving scheme Dewey Decimal Classification
Item type English Books
Call number suffix KEV
Classification part 650.1
Holdings
Withdrawn status Lost status Source of classification or shelving scheme Damaged status Not for loan Collection code Home library Current library Date acquired Source of acquisition Cost, normal purchase price Total Checkouts Full call number Barcode Date last seen Copy number Cost, replacement price Koha item type
    Dewey Decimal Classification   Not For Loan Non-fiction D.B.Act.Division D.B.Act.Division 27/01/2009 DBAD / PUB 395.00   650.1 KEV EN-76165 27/01/2009 1 395.00 English Books

© Delhi Public Library
Hit Counter
free hit counter